Complemento de la geometría elemental ó Crítica geométrica / (Record no. 68371)

MARC details
000 -LEADER
campo de control de longitud fija 00704nam a22002055i 4500
001 - NÚMERO DE CONTROL
campo de control 68371
003 - IDENTIFICADOR DE NÚMERO DE CONTROL
campo de control ES-MaACL
005 - FECHA Y HORA DE LA ÚLTIMA TRANSACCIÓN
campo de control 20250929063129.0
007 - CAMPO FIJO DE DESCRIPCIÓN FÍSICA--INFORMACIÓN GENERAL
campo de control de longitud fija t|
008 - DATOS DE LONGITUD FIJA--INFORMACIÓN GENERAL
campo de control de longitud fija 971022s1881 sp d ||||1| spa d
040 ## - FUENTE DE CATALOGACIÓN
Centro catalogador/agencia de origen CYL
Lengua de catalogación spa
Centro/agencia transcriptor CYL
100 1# - ENTRADA PRINCIPAL--NOMBRE DE PERSONA
Nombre de persona García de Galdeano, Zoel,
Fechas asociadas al nombre 1846-1924
9 (RLIN) 54429
245 10 - MENCIÓN DEL TÍTULO
Título Complemento de la geometría elemental ó Crítica geométrica /
Mención de responsabilidad, etc. por Zoel G. de Galdeano.
260 ## - PUBLICACIÓN, DISTRIBUCIÓN, ETC.
Lugar de publicación, distribución, etc. Madrid :
Nombre del editor, distribuidor, etc. [s.n.],
Fecha de publicación, distribución, etc. 1881 (
Fabricante Establecimiento Tipográfico de Gregorio Juste)
300 ## - DESCRIPCIÓN FÍSICA
Extensión 92 p. :
Otras características físicas il. ;
Dimensiones 17 cm.
505 8# - NOTA DE CONTENIDO CON FORMATO
Nota de contenido con formato Contiene: Parte primera. Crítica didáctica
650 07 - PUNTO DE ACCESO ADICIONAL DE MATERIA--TÉRMINO DE MATERIA
Término de materia o nombre geográfico como elemento de entrada Geometría
Fuente del encabezamiento o término embne
9 (RLIN) 13096
852 ## - LOCALIZACIÓN
Ubicación ES-MaACL
Número de control de estantería T-880-F-8
Holdings
Estatus retirado Estado de pérdida Estado de daño No para préstamo Colección Biblioteca de origen Biblioteca actual Ubicación en estantería Fecha de adquisición Fuente de adquisición Total de préstamos Signatura topográfica completa Código de barras Visto por última vez Precio de reemplazo Tipo de ítem Koha
        Colección de folletos Biblioteca del Ateneo de Madrid Biblioteca del Ateneo de Madrid Depósito folletos 17/01/2008     T-880-F-8 1071572 23/02/2023 23/02/2023 Folleto